Cloud Computing for Dummies (Record no. 57870)

MARC details
000 -LEADER
fixed length control field 00399pam a2200145 a 4500
020 ## - INTERNATIONAL STANDARD BOOK NUMBER
International Standard Book Number 9788126524877
Terms of availability
041 ## - LANGUAGE CODE
Language code of original
082 ## - DEWEY DECIMAL CLASSIFICATION NUMBER
Classification number 004.16
Item number HUR/BLO
100 ## - MAIN ENTRY--PERSONAL NAME
Personal name Harwitz J.,
Relator term Author.
245 ## - TITLE STATEMENT
Title Cloud Computing for Dummies
Medium Textual Documents
260 ## - PUBLICATION, DISTRIBUTION, ETC.
Place of publication, distribution, etc. New Delhi
Name of publisher, distributor, etc. Wiley India Pvt. Ltd.,
Date of publication, distribution, etc. 2011
300 ## - PHYSICAL DESCRIPTION
Extent 216:
Dimensions 22*14.
700 ## - ADDED ENTRY--PERSONAL NAME
Personal name Halper F,
Relator term Author.
Personal name Bloor R,
Relator term Author.
930 ## - EQUIVALENCE OR CROSS-REFERENCE-UNIFORM TITLE HEADING [LOCAL, CANADA]
Uniform title 14648
Holdings
Withdrawn status Lost status Damaged status Not for loan Collection Home library Current library Shelving location Date acquired Source of acquisition Cost, normal purchase price Total Checkouts Full call number Barcode Date last seen Copy number Price effective from Koha item type Date due Date last checked out
        EWP College of Engineering for Women, Pune College of Engineering for Women, Pune G-ROW-2:CUP-5 16/10/2012 Bharati Madhyavarti Sahakari Grahak Bhandar Ltd., 399.00   004.16 HUR/BLO EWP-15348 24/02/2023 5 24/02/2023 Book    
        EWP College of Engineering for Women, Pune College of Engineering for Women, Pune G-ROW-2:CUP-5 16/10/2012 Bharati Madhyavarti Sahakari Grahak Bhandar Ltd., 399.00   004.16 HUR/BLO EWP-15347 07/10/2025 4 24/02/2023 Book    
        EWP College of Engineering for Women, Pune College of Engineering for Women, Pune G-ROW-2:CUP-5 16/10/2012 Bharati Madhyavarti Sahakari Grahak Bhandar Ltd., 399.00   004.16 HUR/BLO EWP-15346 24/02/2023 3 24/02/2023 Book    
        EWP College of Engineering for Women, Pune College of Engineering for Women, Pune G-ROW-2:CUP-5 16/10/2012 Bharati Madhyavarti Sahakari Grahak Bhandar Ltd., 399.00 1 004.16 HUR/BLO EWP-15345 07/10/2025 2 24/02/2023 Book 07/10/2025 07/10/2025
        EWP College of Engineering for Women, Pune College of Engineering for Women, Pune G-ROW-2:CUP-5 16/10/2012 Bharati Madhyavarti Sahakari Grahak Bhandar Ltd., 399.00   004.16 HUR/BLO EWP-15344 24/02/2023 1 24/02/2023 Book